Matemáticas y literatura de 0 a 3: Un cuento de cigüeñas (Record no. 176097)
[ view plain ]
| 000 -CABECERA | |
|---|---|
| campo de control de longitud fija | 01385nab a2200313 a 4500 |
| 005 - FECHA Y HORA DE LA ÚLTIMA TRANSACCIÓN | |
| campo de control | 20210219162421.0 |
| 008 - ELEMENTOS DE LONGITUD FIJA--INFORMACIÓN GENERAL | |
| campo de control de longitud fija | 991125s1985 mx 000 0 spa u |
| 035 ## - NÚMERO DE CONTROL DEL SISTEMA | |
| Número de control de sistema | UPN01000203996 |
| 049 ## - COLECCIÓN | |
| Colección | ART-E |
| 100 1# - ASIENTO PRINCIPAL--NOMBRE PERSONAL | |
| Nombre de persona | Flecha López, Gonzalo |
| 100 1# - ASIENTO PRINCIPAL--NOMBRE PERSONAL | |
| Filiación | gonflecha@gmail.com |
| 222 #0 - TÍTULO CLAVE | |
| Título clave | EDMA 0-6 : |
| Información calificativa | EDUCACION MATEMATICA EN LA INFANCIA |
| 245 00 - MENCIÓN DE TÍTULO | |
| Título | Matemáticas y literatura de 0 a 3: Un cuento de cigüeñas |
| 260 ## - PUBLICACIÓN, DISTRIBUCIÓN, ETC. | |
| Lugar de publicación, distribución, etc. | España |
| 300 ## - DESCRIPCIÓN FÍSICA | |
| Extensión | 53-60 |
| 362 0# - FECHAS DE PUBLICACIÓN Y/O DESIGNACIÓN SECUENCIAL | |
| Fecha de publicación y/o designación secuencial | 2014 Vol. 3, no. 2 |
| 336 ## - TIPO DE CONTENIDO | |
| Término de tipo de contenido | texto$2rdacontent |
| 337 ## - TIPO DE MEDIO | |
| Nombre/término del tipo de medio | computadora$2rdamedia |
| 338 ## - TIPO DE SOPORTE | |
| Nombre/término del tipo de soporte | recurso en linea$2rdacarrier |
| 520 3# - NOTA DE RESUMEN, ETC. | |
| Sumario, etc. | A partir de los elementos del entorno próximo, tanto físico como cultural, podemos abordar conceptos matemáticos relacionados con la clasificación y con la formación de conjuntos. Utilizando como punto de partida los cuentos “El libro del otoño” y “Un cuento de cigüeñas”, vamos a tratar de realizar clasificaciones utilizando como base la formación de conceptos. Realizaremos, con los niños, agrupamientos sencillos mediante relaciones equivalencia. |
| 653 0# - TERMINO DE INDIZACION - NO CONTROLADO | |
| Término no controlado | MATEMATICAS |
| 653 0# - TERMINO DE INDIZACION - NO CONTROLADO | |
| Término no controlado | LITERATURA INFANTIL |
| 653 0# - TERMINO DE INDIZACION - NO CONTROLADO | |
| Término no controlado | RELACIONES DE EQUIVALENCIA |
| 653 0# - TERMINO DE INDIZACION - NO CONTROLADO | |
| Término no controlado | CLASIFICACION |
| 653 0# - TERMINO DE INDIZACION - NO CONTROLADO | |
| Término no controlado | CONJUNTOS |
| 856 4# - LOCALIZACIÓN Y ACCESO ELECTRÓNICOS | |
| Identificador Uniforme del Recurso | <a href="http://www.edma0-6.es/index.php/edma0-6/article/view/54/74">http://www.edma0-6.es/index.php/edma0-6/article/view/54/74</a> |
| 905 ## - TIPO DE MATERIAL | |
| Tipo de material | Articulo |
No items available.
